000 00860nas a2200277 4500
001 BR2013001075
003 BR-BrBNA
005 20231205121919.0
007 ta
008 230509b bl.|||p| |||| 00| 00por d
040 _aBR-BrBNA
_bpor
_cBiblioteca Nacional de Agricultura
041 _a(Pt)
072 _aH50; F30
100 1 _aBorges, R. de S.
100 1 _aRoberto, S.R.
100 1 _aYamashita, F.
100 1 _aOlivato, J..
100 1 _aAssis, A.M. de
245 1 _aSensibilidade ao rachamento de bagas das videiras Concord, Isabel e BRS Rúbea
650 _aUVA
650 _aCOMPORTAMENTO DE VARIEDADE
650 _aDISTÚRBIO FISIOLÓGICO
773 0 _tRevista Brasileira de Fruticultura (Brazil)
_xISSN 0100 2945
_g(Sep 2012), v. 34(3) p. 814-822
_wBR2013001075
909 _a202311
_bLúcia
_c55
_dLúcia Elande
942 _2AGRIS
_n0
_cANA
999 _c225913
_d225913